00784nam a2200229 a 4500001000200000003000400002005001700006006000200023008004100025020001800066040002500084082002900109100003800138245005500176260004900231300003500280500004100315650002100356650005100377650005500428710007100483 OSt20211001110315.0 111110s2011 dr ac 001 p spa d a9789945475128 aDO-SdBNPbspacBPMSU aRD860.44bE18p 2011 2221 aEchavarría, Rubén,d1936-201013aEl poder de la creación /cRubén Echavarría  aSanto Domingo :bEdiciones Ferilibro,c2011. a145 p. :bil., retr. ;c25 cm. aIncluye datos biograficos del autor  4aProsa dominicana 4aPintura dominicanaxExpocisiones vCátalogos 4aLiteratura dominicana.xExposiciones vCátalogos2 aDirección General de la Feria del Libro (República Dominicana)